00668 2200241 4500001002100000005001700021008004100038020001800079035002400097082000800121090001500129100002200144245008900166250001800255260002800273300002400301500003100325650002100356850001500377980001300392985000600405999001500411YOGYA-0209000000844920090227021118.0 ind  a979-421-240-7 0010-020900000008449 a303 a303bTan S aTANEKO, Soleman B aStruktur dan proses sosialbSuatu pengantar sosiologi pembangunancSoleman B. Taneko aEd. 1, Cet. 2 aJakartabRajawalic1970 axiv, 178 hlmc21 cm aBibliografi : hlm. 171-174 aSosial, struktur aYOPDYOG(B) a07-05-05 a1 a93P0037976